LEADER 01443nam a2200337 u 4500 001 000000047450 003 CaOOAMICUS 005 20070226114903.0 008 991014s1998 it u000 u ita u 020 $a8870784894 (v.1) 020 $a8870784908 (v.2) 035 $a10834415 040 $aMSA$bita 100 1 $aCorrao, Francesco.$0(OLS)http://pul/name/34486 245 10$aOrme /$cFrancesco Corrao. 260 $aMilano :$bR.Cortina,$c1998. 300 $a2 v. ;$c24 cm 490 1 $aCollana di psicologia clinica e psicoterapia 504 $aContiene bibliografia. 505 0 $av. 1 Contributo alla psicoanalisi -- v. 2 Contributi alla psicoanalisi di gruppo. 650 4$aPsicanalisi.$0(OLS)http://pul/subject/1791 830 0$aCollana di psicologia clinica e psicoterapia.$0(OLS)http://pul/title/12189 850 $aPUL 852 $aPUL$W1$xSL Filosofia 1$y2$m97 S 110-111$j63405$nBK-PRI$b $qStampati$B63405$CPULBib$Z2$F63405 $H93135, 93174 $81 852 $aPUL$W1$xSL Filosofia 1$y2$m97 S 110-111$j63405$nBK-PRI$b $qStampati$B63406$CPULBib$Z2$F63406 $H93135, 93174 $81 941 1 $a8 960 $aPsicoanalisi$91791 996 $6020$a8870784894 (v.1)$9(OLS)http://pul/number/59255 996 $6020$a8870784908 (v.2)$9(OLS)http://pul/number/59256 996 $6245$aOrme$9(OLS)http://pul/title/63883 996 $6260$aMilano :$bR.Cortina$9(OLS)http://pul/publisher/66888 LEADER 01151nam a2200289 u 4500 001 000000059057 003 CaOOAMICUS 005 20070226120747.0 008 010620s1999 it u000 u ita u 020 $a8878024716 035 $a10893253 040 $aPUL(R)$bita 100 1 $aGuolo, Renzo.$0(OLS)http://pul/name/40841 245 13$aIl partito di Dio :$bl'Islam radicale contro l'Occidente /$cRenzo Guolo ; prefazione di Enzo Pace. 260 $aMilano :$bGuerrini e Associati,$c1999. 300 $a175 p. ;$c21 cm 490 1 $aFrontiere 504 $aNote bibliografiche. 650 4$aIslamismo.$0(OLS)http://pul/subject/7079 700 1 $aPace, Enzo.$0(OLS)http://pul/name/34600 830 0$aFrontiere.$0(OLS)http://pul/title/281 850 $aPUL 852 $aPUL$W1$xDP1 Altre Collocazioni$y17$mSenza collocazione$j12$nBK-PRI$b $qStampati$B77065$CPULBib$Z2$F77065 $81 941 1 $a8 996 $6020$a8878024716$9(OLS)http://pul/number/75063 996 $6245$aIl partito di Dio :$bl'Islam radicale contro l'Occidente$9(OLS)http://pul/title/79104 996 $6260$aMilano :$bGuerrini e Associati$9(OLS)http://pul/publisher/69738